=LDR 00000nam 2200000 4500 =001 INLIS000000000001719 =005 20130612090121 =008 ***********************************Ind** =035 ##$$0010-061300000001719 =041 ##$$a Ind =082 ##$$a 507.8 =090 ##$$a 507.8, Muk p =100 ##$$a Muhadi, Riyanto =245 ##$$a SAINS Pintar IPA pelengkap materi ebta/ebtanas dan evaluasi bagi guru, Riyanto Muhadi =260 ##$$a 1995 $b Solo =300 ##$$a 128 hlm., ilus, 21 cm =650 ##$$a Sains =850 ##$$a NBPNMAT